| 000 | 01256nam a22003617a 4500 | ||
|---|---|---|---|
| 003 | CHAP | ||
| 005 | 20220329142205.0 | ||
| 008 | 000204d1999 mx a r 00110 spa d | ||
| 010 | _a79726 | ||
| 011 | _a80698 | ||
| 035 | _a91149 | ||
| 040 | _cCHAP | ||
| 090 | _aTesis | ||
| 100 | 0 | 0 |
_aBorbolla Pérez, Esteban. _913830 |
| 245 | 1 | 0 |
_aCaracterización de 28 variedades de nopal (Opuntia ssp) _c/por Esteban Borbolla Pérez |
| 260 |
_aChapingo, Méx. : _bEl autor, _c1999. |
||
| 300 |
_a53 h. : _bilus. |
||
| 502 | _aTesis (Ing. Fitotecnista) -- UACH. Departamento de Fitotecnia | ||
| 590 |
_aALEPH _b10 _c20130110 _lUCH01 _h1433 |
||
| 590 |
_aBATCH-UPD _b10 _c20130110 _lUCH01 _h0340 |
||
| 590 |
_aBATCH-UPD _b10 _c20130410 _lUCH01 _h0014 |
||
| 590 |
_aBATCH-UPD _b10 _c20130410 _lUCH01 _h1542 |
||
| 590 |
_aBATCH-UPD _b10 _c20130914 _lUCH01 _h0658 |
||
| 590 |
_aCONVERSION _b10 _c20130109 _lUCH01 _h1344 |
||
| 650 | 1 | 4 |
_aNopal _xFisiología y morfología. _981671 |
| 650 | 1 | 4 |
_aNopal _xVariedades. _981703 |
| 901 | _aBK | ||
| 905 | _aAlejandra Carrasco M. | ||
| 942 | _cFOLL | ||
| 949 |
_bBC _cTES _d33724000741468 _eTS2 _fc.2 _h34716 _i91149 _sb |
||
| 949 |
_bBC _cTES _d33724000767885 _eTS2 _fc.3 _h35466 _i91149 _si |
||
| 949 |
_bBC _cTES _d911491 _eTS1 _h34715 _i91149 _sb |
||
| 999 |
_c79726 _d79726 |
||